Detalles MARC
| 000 -CABECERA |
| Longitud fija campo de control |
01309nam a2200313 i 4500 |
| 003 - IDENTIFICADOR DEL NUMERO DE CONTROL |
| Identificador del número de control |
CO-BoRNBP |
| 005 - FECHA Y HORA DE LA ULTIMA TRANSACCION |
| Fecha y hora de la última transacción |
20250131090930.0 |
| 007 - CAMPO FIJO DE DESCRIPCION FISICA |
| Campo fijo de descripción física |
ta |
| 008 - CODIGOS DE INFORMACION DE LONGITUD FIJA |
| Códigos de información de longitud fija |
250131s2016 Uy a|||| |||| 00| 0 spa d |
| 020 ## - NUMERO INTERNACIONAL NORMALIZADO PARA LIBROS |
| Número Internacional Normalizado para Libros (ISBN) |
9789974744097 |
| 040 ## - FUENTE DE LA CATALOGACION |
| Centro catalogador de origen |
CO-BoRNBP |
| Lengua de catalogación |
spa |
| Centro transcriptor |
CO-BoRNBP |
| Normas de descripción |
rda |
| 041 ## - CODIGO DE LENGUA |
| Código de lengua del texto/banda sonora o título independiente |
spa |
| 082 ## - NUMERO DE LA CLASIFICACION DECIMAL DEWEY |
| Número de clasificación (R) |
641.86 M21p |
| Número del ítem |
M21p |
| 100 1# - PUNTO DE ACCESO PRINCIPAL-NOMBRE DE PERSONA |
| Nombre de persona |
Meachen Rau, Dana |
| Término indicativo de función |
autor |
| 245 ## - TITULO PROPIAMENTE DICHO |
| Título |
Postres de Diseño |
| Resto del título |
¡Delicias para crear y comer!/ |
| Mención de responsabilidad, etc. |
Dana Meachen Rau; traducción al español, Equipo Editorial Cypres |
| 250 ## - MENCION DE EDICION |
| Mención de edición |
Primera edición |
| 264 #4 - PRODUCCION, PUBLICACION , DISTRIBUCION, FABRICACION Y COPYRIGHT |
| Lugar de producción, publicación, distribución, fabricación |
Montevideo, Uruguay, |
| Nombre del productor, editor, distribuidor, fabricante |
©Lantibooks |
| Fecha de de producción, publicación, distribución, fabricación o copyright |
2016 |
| 300 ## - DESCRIPCION FISICA |
| Extensión |
112 páginas, |
| Otras características físicas |
ilustraciones a color, tapa blanda, |
| Dimensiones |
alto 26 cm ancho 20 cm |
| 336 ## - TIPO DE CONTENIDO |
| Fuente |
rdacontenido |
| Término de tipo de contenido |
texto |
| Código de tipo de contenido |
txt |
| 337 ## - TIPO DE MEDIO |
| Fuente |
rdamedio |
| Nombre del tipo de medio |
sin mediación |
| Código del tipo de medio |
n |
| 338 ## - TIPO DE SOPORTE |
| Fuente |
rdasoporte |
| Nombre del tipo de soporte |
volumen |
| Código del tipo de soporte |
nc |
| 520 ## - NOTA DE RESUMEN |
| Resumen, etc, |
Puedes crear increíbles y deliciosos postres ¡sin la necesidad de hornearlos! Solo compra algunos cupcakes, galletas, pasteles o caramelos en el supermercado. Luego ve con tus amigos o tu familia a la cocina y diviértete diseñando estas obras maestras. |
| 650 ## - PUNTO DE ACCESO ADICIONAL DE MATERIA - TERMINO DE MATERIA |
| Fuente del encabezamiento |
ARMARC |
| Término de materia o nombre geográfico como elemento inicial |
Pastelería |
| 650 ## - PUNTO DE ACCESO ADICIONAL DE MATERIA - TERMINO DE MATERIA |
| Fuente del encabezamiento |
ARMARC |
| Término de materia o nombre geográfico como elemento inicial |
Diseño de postres |
| 650 ## - PUNTO DE ACCESO ADICIONAL DE MATERIA - TERMINO DE MATERIA |
| Fuente del encabezamiento |
ARMARC |
| Término de materia o nombre geográfico como elemento inicial |
Cupcakes |
| 650 ## - PUNTO DE ACCESO ADICIONAL DE MATERIA - TERMINO DE MATERIA |
| Fuente del encabezamiento |
ARMARC |
| Término de materia o nombre geográfico como elemento inicial |
Pasteles |
| 650 ## - PUNTO DE ACCESO ADICIONAL DE MATERIA - TERMINO DE MATERIA |
| Fuente del encabezamiento |
ARMARC |
| Término de materia o nombre geográfico como elemento inicial |
Galletas |
| 942 ## - ENTRADA DE ELEMENTOS AGREGADOS (KOHA) |
| Fuente de clasificaión o esquema |
Dewey Decimal Classification |
| Koha [por defecto] tipo de item |
LIbro |